ბათუმის შოთა რუსთაველის სახელმწიფო უნივერსიტეტის ბიბლიოთეკა

Школьный курс математики и методика его преподавания. Темы курсовых работ и рекомендуемая литература. (ბიბ.ჩანაწერი № 38830)

000 -LEADER
fixed length control field 00798nam a2200205Ia 4500
001 - CONTROL NUMBER
control field 5238
003 - CONTROL NUMBER IDENTIFIER
control field GE_BSU
008 - FIXED-LENGTH DATA ELEMENTS--GENERAL INFORMATION
fixed length control field 181216s||||||||xx |||||||||||||| ||und||
040 ## - CATALOGING SOURCE
Transcribing agency GE_BSU
080 ## - UNIVERSAL DECIMAL CLASSIFICATION NUMBER
Universal Decimal Classification number 51(972)
100 ## - MAIN ENTRY--PERSONAL NAME
Personal name Аргунов, Б.И., Ерошкина, Л.Н.
245 ## - TITLE STATEMENT
Title Школьный курс математики и методика его преподавания. Темы курсовых работ и рекомендуемая литература.
245 ## - TITLE STATEMENT
Remainder of title Пособие для студ. заочников физ-мат.фак-ов пед ин-тов
260 ## - PUBLICATION, DISTRIBUTION, ETC.
Place of publication, distribution, etc. Москва
260 ## - PUBLICATION, DISTRIBUTION, ETC.
Name of publisher, distributor, etc. Просвещение
260 ## - PUBLICATION, DISTRIBUTION, ETC.
Date of publication, distribution, etc. 1972
300 ## - PHYSICAL DESCRIPTION
Extent 197 с. 30 см.
653 ## - INDEX TERM--UNCONTROLLED
Uncontrolled term Школьный курс математики методика
942 ## - ADDED ENTRY ELEMENTS (KOHA)
Koha item type წიგნი
ეგზემპლარები
Withdrawn status Lost status Damaged status Not for loan Date acquired Barcode Date last seen Price effective from Koha item type
        2018-12-17 16151 2018-12-17 2018-12-17 წიგნი